00728nam a2200205 a 450000100100000000500170001000800410002702000150006804000250008310000230010824500790013126000420021030000210025249000150027349000320028870000350032083000450035595201050040099900170050500004335120201002040834.0140310s1996 sp 000 f spa d a8401463068 aDO-SdBNPbspacBNPHU1 aPerry, Anne97099514aLos Crimenes de Cater Street. /cAnne Perry; traducción Gloria Méndez. aBarcelona, :bPlaza & Janés,c1996. a321 p. ;c18 cm.1 aJetv306/11 aBiblioteca de Anne Perryv112aMéndez, Gloriaetrad.970996 0aLos Jet de Plaza & Janésn306/1970997 001050718MOaGRbGRcCTd2014-03-10iLF1l0o p43351-10r2020-06-25w2020-06-25y1ZNo se presta c42840d42840